| 000 | 01528nam a2200301 4500 | ||
|---|---|---|---|
| 008 | s2004 fr fre u | ||
| 020 | _a2011161924 | ||
| 020 | _a9782011161925 | ||
| 040 | _aLB-BrCRDP | ||
| 082 | 1 |
_aCE1 _bFRA |
|
| 100 | 1 | _aBuhler, Viviane | |
| 245 | 1 | 4 |
_aLes couleurs du français - CE1 _bMaîtrise de la langue. Cycle2 - Niveau 3 _cViviane Buhler , Line Bouvier |
| 250 | _a7e éd. | ||
| 260 |
_aParis _bHachette _c2004 |
||
| 300 |
_a191 p. _bcouv. couleur, ill. coul. _c29 cm |
||
| 500 | _aSommaire. | ||
| 520 | _aDes objectifs précis : • Continuer l'apprentissage de la lecture. • Mettre en place le bagage lexical indispensable à la lecture et à l'écriture. • Introduire de manière implicite les notions grammaticales nécessaires à l'écriture. • Proposer des textes diversifiés, supports d'activités de communication orale. • Favoriser des prolongements dans les différents domaines de la découverte du monde. Une structure simple et régulière : • Douze chapitres, soit douze projets de lecture/écriture. • Chaque chapitre comprend six textes et une page de poèmes. • Des activités accompagnent chaque texte : Expression orale, S'exercer, Lire, Ecrire. | ||
| 650 | 4 | _aGrammaire | |
| 650 | 4 | _aExpression orale | |
| 650 | 4 | _aEcriture et lecture | |
| 650 | 4 | _aOrthographe grammaticale | |
| 650 | 4 | _aOrthographe lexicale | |
| 650 | 4 | _aEB2 | |
| 650 | 4 | _aEB9 | |
| 700 | 1 | _aBouvier, Line | |
| 942 | _cBK | ||
| 999 |
_c523 _d523 |
||